| 000 | 00763nam a2200241 i 4500 | ||
|---|---|---|---|
| 001 | bg | ||
| 100 | 1 | _aPIONTEK, Marlena | |
| 245 | 1 | 0 |
_aGrzyby pleśniowe i ocena zagrożenia mikotoksycznego w budownictwie mieszkaniowym / _cMarlena Piontek ; Uniwersytet Zielonogórski. |
| 260 |
_aZielona Góra : _bOficyna Wydawnicza UZ, _c2004. |
||
| 300 |
_a174 s. : _bil. ; _c24 cm. |
||
| 500 | _aStreszcz. ang. | ||
| 504 | _aBibliogr. | ||
| 650 | 9 |
_aPleśnie _xbadanie |
|
| 650 | 9 |
_aToksyny i antytoksyny _xwpływ na zdrowie |
|
| 650 | 9 |
_aBudownictwo mieszkaniowe _xhigiena |
|
| 020 | _a8389712202 | ||
| 040 | _cBPK | ||
| 041 | 0 |
_apol _beng |
|
| 080 | _a582.28:615.9:69::728 | ||
| 920 | _a83-89712-20-2 | ||
| 942 | _cKS | ||
| 008 | s pl f |000 0 pol | ||
| 999 |
_c46445 _d46445 |
||
| 856 |
_uhttp://koha.tu.koszalin.pl/cgi-bin/koha/opac-detail.pl?biblionumber=46445 _yKatalog online BPK |
||